[Event "36th Reykjavik op"]
[Site "Reykjavik ISL"]
[Date "2023.03.29"]
[Round "1.128"]
[White "von Kistowski, Fynn"]
[Black "Arnalds, Stefan"]
[WhiteElo "1548"]
[BlackElo "1873"]
[Result "0-1"]
[EventDate "2023.03.29"]
[PlyCount "91"]

1. e4 c5 2. c3 e6 3. d4 d5 4. exd5 exd5 5. Nf3 Nf6 6. Bg5 Be6 7. Nbd2 Be7 8. dxc5
Bxc5 9. Bb5+ Nbd7 10. O-O O-O 11. Nb3 Be7 12. h3 h6 13. Bf4 a6 14. Bd3 Nc5 15. Bc2
Bd6 16. Bxd6 Qxd6 17. Nbd4 Rfe8 18. Nxe6 Nxe6 19. Qd2 Rad8 20. Rad1 Qb6 21. Qc1 d4
22. Nxd4 Nxd4 23. Rxd4 Rxd4 24. cxd4 Qxd4 25. Bb3 Qe5 26. Qc4 Re7 27. Qc8+ Kh7 28.
Qf8 Nd7 29. Qc8 Nc5 30. Bc2+ g6 31. Qf8 Rc7 32. Qd8 Ne6 33. Qd2 Kg8 34. Bb3 Nc5 35.
Bd1 Rd7 36. Qc2 Nd3 37. b3 Nf4 38. Bg4 Rc7 39. Qd2 h5 40. Re1 Qf6 41. Bd1 Kh7 42.
Re4 Ne6 43. Be2 b5 44. Qd6 Rc1+ 45. Kh2 Qxf2 46. Bf3  0-1

[Event "36th Reykjavik op"]
[Site "Reykjavik ISL"]
[Date "2023.03.29"]
[Round "1.129"]
[White "Van Meter, Lester"]
[Black "Christoffersen, Odd"]
[WhiteElo "1872"]
[BlackElo "1510"]
[Result "1-0"]
[EventDate "2023.03.29"]
[PlyCount "33"]

1. d4 Nf6 2. Nf3 e6 3. c4 d5 4. g3 c6 5. Bg2 Ne4 6. O-O Be7 7. b3 Nd7 8. Bb2 O-O
9. Nbd2 f5 10. Qc2 Ndf6 11. Ne5 Nxd2 12. Qxd2 Bd7 13. Rad1 Be8 14. Qc2 g6 15. Bc1
Bf7 16. f3 Re8 (16... Ne8 17. e4 Ng7 18. Kh1 Kh8 19. c5 Bf6 20. g4 Bxe5 21. dxe5
fxg4 22. fxg4 Bg8 23. Rxf8 Qxf8 24. Bg5 Bf7 25. Rf1 Kg8 26. Qf2 Rc8 27. b4 Ne8 28.
exd5 cxd5 29. Bxd5 Qg7 30. Bxb7 Rc7 31. Bg2 h6 32. Bf6 Nxf6 33. exf6 Qf8 34. Qf4
Rc8 35. Qe5 Qe8 36. Qe3 Kh7 37. c6 Rc7 38. b5 Qb8 39. a4) 17. e4  1-0

[Event "36th Reykjavik op"]
[Site "Reykjavik ISL"]
[Date "2023.03.29"]
[Round "1.130"]
[White "Briem, Gudrun Fanney"]
[Black "Haraldsson, Sigurjon"]
[WhiteElo "1503"]
[BlackElo "1864"]
[Result "0-1"]
[EventDate "2023.03.29"]
[PlyCount "104"]

1. d4 d5 2. Nf3 Nf6 3. e3 g6 4. Bd3 Bg7 5. b3 c5 6. Bb2 cxd4 7. exd4 Nc6 8. O-O O-O
9. a3 Nh5 10. Nbd2 Qb6 11. c3 Nf4 12. Bc2 Bg4 13. h3 Bh5 14. Kh2 Qc7 15. g3 Bxf3
16. Qxf3 Nh5 17. Qd1 f5 18. Nf3 Rae8 19. Re1 e6 20. b4 Nf6 21. Qe2 Ne4 22. Bxe4 fxe4
23. Nd2 e5 24. Nb3 Qf7 25. Rf1 Qf3 26. Rae1 Qxe2 27. Rxe2 Rf3 28. Re3 Ref8 29. Kg2
Bh6 30. Re2 b6 31. b5 Nxd4 32. Nxd4 exd4 33. cxd4 Rc8 34. Ra1 Rd3 35. Ree1 Bd2 36.
Red1 Rc2 37. Bc1 Bc3 38. Rxd3 exd3 39. Rb1 d2 40. Bxd2 Rxd2 41. Kf3 Bxd4 42. Kg4
Bxf2 43. Rc1 Bc5 44. a4 Rd4+ 45. Kf3 Rxa4 46. h4 Ra5 47. Rd1 d4 48. Rb1 Ra3+ 49.
Kg4 Bd6 50. Rh1 h5+ 51. Kg5 Rxg3+ 52. Kh6 Bf8#  0-1

[Event "36th Reykjavik op"]
[Site "Reykjavik ISL"]
[Date "2023.03.29"]
[Round "1.131"]
[White "Harnett, Robert J"]
[Black "Hallmundarson, Birkir"]
[WhiteElo "1861"]
[BlackElo "1499"]
[Result "0-1"]
[EventDate "2023.03.29"]
[PlyCount "44"]

1. c4 Nf6 2. g3 e6 3. Bg2 d5 4. Nf3 Be7 5. O-O O-O 6. d4 b6 7. cxd5 exd5 8. Qc2 Ba6
9. Rd1 Re8 10. Nc3 Bb4 11. e3 c5 12. Bd2 Nc6 13. a3 Bxc3 14. Bxc3 Rc8 15. dxc5 bxc5
16. Bxf6 Qxf6 17. Rxd5 c4 18. Rad1 Rb8 19. Rd6 Rxb2 20. Qa4 Bb5 21. Rxf6 Bxa4 22.
Rxc6 Bxc6  0-1

[Event "36th Reykjavik op"]
[Site "Reykjavik ISL"]
[Date "2023.03.29"]
[Round "1.132"]
[White "Han, Oron"]
[Black "Kreutner, Maximilian"]
[WhiteElo "1496"]
[BlackElo "1860"]
[Result "1/2-1/2"]
[EventDate "2023.03.29"]
[PlyCount "86"]

1. e4 e5 2. f4 Bc5 3. Nf3 d6 4. c3 Qe7 5. Qc2 Nf6 6. d3 Nc6 7. b4 Bb6 8. a4 a6 9.
Na3 Ba7 10. Bd2 Ng4 11. Be2 Bf2+ 12. Kd1 exf4 13. Kc1 Be3 14. Nc4 Be6 15. Bxe3 Nxe3
16. Nxe3 fxe3 17. d4 d5 18. Bd3 dxe4 19. Bxe4 Bc4 20. Re1 e2 21. Nd2 Qg5 22. Kb2
Bd5 23. Bxd5 Qxd5 24. Rxe2+ Kd7 25. Rae1 Rae8 26. Rxe8 Rxe8 27. Rxe8 Kxe8 28. Qe4+
Qxe4 29. Nxe4 b6 30. g4 Ke7 31. Kc2 f6 32. Kd3 g6 33. b5 axb5 34. axb5 Nd8 35. c4
f5 36. gxf5 gxf5 37. Nc3 Ne6 38. Nd5+ Kd6 39. Ke3 h6 40. h4 Kd7 41. Nf4 Nf8 42. h5
Kd6 43. Kd3 Nd7  1/2-1/2

[Event "36th Reykjavik op"]
[Site "Reykjavik ISL"]
[Date "2023.03.29"]
[Round "1.133"]
[White "Adams, Henry"]
[Black "Lien, Benjamin"]
[WhiteElo "1859"]
[BlackElo "1495"]
[Result "1-0"]
[EventDate "2023.03.29"]
[PlyCount "85"]

1. e4 e5 2. Nf3 Nc6 3. Bc4 Nf6 4. d3 Bc5 5. c3 d6 6. O-O O-O 7. Re1 Re8 8. h3 h6
9. Nbd2 Be6 10. Bb5 Bd7 11. Nf1 a6 12. Ba4 Qe7 13. Ng3 b5 14. Bc2 Rad8 15. d4 Bb6
16. Be3 b4 17. d5 Bxe3 18. dxc6 Bxf2+ 19. Kxf2 Bxc6 20. c4 Nd7 21. Ba4 Bb7 22. Qd2
a5 23. Rad1 Qe6 24. b3 Nc5 25. Bxe8 Rxe8 26. Kg1 Qg6 27. Kh2 Re6 28. Nh4 Qf6 29.
Nhf5 Bxe4 30. Nxe4 Nxe4 31. Nxh6+ gxh6 32. Rxe4 h5 33. Qe2 Qg6 34. Rd3 Kf8 35. Rg3
Qh7 36. Rh4 Rf6 37. Rxh5 Qb1 38. Rf3 Re6 39. Rhf5 e4 40. Rxf7+ Ke8 41. Rxc7 Qa1 42.
Rg3 Qe5 43. Qh5+  1-0

[Event "36th Reykjavik op"]
[Site "Reykjavik ISL"]
[Date "2023.03.29"]
[Round "1.134"]
[White "Magnusson, Thorsteinn"]
[Black "Van Staden, Mildo"]
[WhiteElo "1485"]
[BlackElo "1856"]
[Result "1/2-1/2"]
[EventDate "2023.03.29"]
[PlyCount "58"]

1. d4 d5 2. Bf4 e6 3. e3 c6 4. c3 f5 5. Nf3 Nf6 6. Nbd2 Be7 7. Bd3 O-O 8. Qe2 Bd7
9. O-O Be8 10. Rac1 Bh5 11. Rfd1 Nbd7 12. c4 Ne4 13. h3 g5 14. Bh2 Qe8 15. cxd5 exd5
16. Qf1 g4 17. hxg4 fxg4 18. Nxe4 dxe4 19. Bc4+ Kh8 20. Ne5 g3 21. Bxg3 Bxd1 22.
Nxd7 Qxd7 23. Qxd1 Bf6 24. Qh5 Bg7 25. Kh2 Rae8 26. Rh1 Rf6 27. Bf4 Rxf4 28. exf4
e3 29. fxe3 (29. Bd3 Bxd4 30. fxe3 Rxe3 31. Bf5 Qg7 32. Rd1 c5 33. Qh4 Qf7 34. Bb1
Re8 35. b3 Be3 36. g3 Bd4 37. Qg4 Re6 38. f5 Re3 39. Rxd4 cxd4 (39... Qe7 40. Re4
Rxe4 41. Qxe4 Qf6 42. Qe8+ Kg7 43. Qd7+ Kg8 (43... Kf8 44. Qd8+ (44. Qc8+ Kg7 45.
Qxb7+ Kh6 46. Qg2 Kg7 47. Bd3 Qh6+ 48. Kg1 Qe3+ 49. Qf2 Qxd3 50. Qxc5 Qxg3+ 51. Kf1
Qd3+ 52. Kg2 Qe4+ 53. Kg3 Qd3+ 54. Kf4 Qf1+ 55. Ke5 Qe2+ 56. Kd6 Kf6 57. Qc3+ Kxf5
58. Qh3+ Kg6 59. Qg3+ Kf6 60. Qf4+ Kg6)) ) 40. Qxd4+) 29... Rxe3  1/2-1/2

[Event "36th Reykjavik op"]
[Site "Reykjavik ISL"]
[Date "2023.03.29"]
[Round "1.135"]
[White "Kleinert, Juergen"]
[Black "Smarason, Kristjan Ingi"]
[WhiteElo "1855"]
[BlackElo "1469"]
[Result "1-0"]
[EventDate "2023.03.29"]
[PlyCount "35"]

1. e4 c5 2. c3 d5 3. exd5 Qxd5 4. d4 g6 5. Nf3 Bg7 6. Be2 Nf6 7. c4 Qd6 8. d5 O-O
9. Nc3 e6 10. O-O Nbd7 11. g3 Ne8 12. Bf4 Ne5 13. Kg2 f6 14. Qb3 Qd7 15. Ng1 Nd6
16. a4 Nf5 17. Be3 Nxe3+ 18. fxe3  1-0

[Event "36th Reykjavik op"]
[Site "Reykjavik ISL"]
[Date "2023.03.29"]
[Round "1.136"]
[White "DebMisra, Ariv"]
[Black "Wheatley, Wilfred"]
[WhiteElo "1457"]
[BlackElo "1854"]
[Result "0-1"]
[EventDate "2023.03.29"]
[PlyCount "58"]

1. d4 Nf6 2. c4 g6 3. Nc3 d5 4. Qb3 dxc4 5. Qxc4 Bg7 6. e4 O-O 7. Nf3 a6 8. Be2 b5
9. Qd3 c5 10. dxc5 Qc7 11. Nd5 Nxd5 12. exd5 Qxc5 13. O-O Bb7 14. Rd1 Rd8 15. Be3
Qd6 16. Rac1 Nd7 17. Rc2 Rac8 18. Rxc8 Rxc8 19. Ng5 Bxb2 20. Ne4 Qa3 21. d6 Qxd3
22. Bxd3 e6 23. Rb1 Ba3 24. Rd1 Bd5 25. Bf4 Rc6 26. h3 f5 27. Ng5 Bxd6 28. Bxd6 Rxd6
29. Rd2 Be4  0-1

[Event "36th Reykjavik op"]
[Site "Reykjavik ISL"]
[Date "2023.03.29"]
[Round "1.137"]
[White "Carey, Michael"]
[Black "Heller, Stefan"]
[WhiteElo "1852"]
[BlackElo "1451"]
[Result "1-0"]
[EventDate "2023.03.29"]
[PlyCount "53"]

1. Nf3 e6 2. c4 d5 3. e3 c6 4. Nc3 Nf6 5. b3 Nbd7 6. Qc2 b6 7. cxd5 cxd5 8. Nb5 Bc5
9. b4 a6 10. bxc5 axb5 11. c6 Nc5 12. d4 Nce4 13. Bxb5 Qc7 14. a4 O-O 15. Ba3 Re8
16. O-O Ba6 17. Ne5 Bxb5 18. axb5 Ra5 19. f3 Nd6 20. Bxd6 Qxd6 21. Rxa5 bxa5 22.
Qc5 Qb8 23. b6 Qa8 24. Ra1 a4 25. Qb4 Qa6 26. Kf2 Rb8 27. c7  1-0

[Event "36th Reykjavik op"]
[Site "Reykjavik ISL"]
[Date "2023.03.29"]
[Round "1.138"]
[White "Seshadri, Sridhar"]
[Black "Fouassier, Paul"]
[WhiteElo "1445"]
[BlackElo "1848"]
[Result "0-1"]
[EventDate "2023.03.29"]
[PlyCount "68"]

1. Nf3 Nf6 2. c4 c5 3. Nc3 Nc6 4. g3 d5 5. cxd5 Nxd5 6. Bg2 Nc7 7. O-O e5 8. e4 Be7
9. a3 O-O 10. h3 Be6 11. d3 Qd7 12. Kh2 Rfd8 13. Ne1 c4 14. f4 cxd3 15. Bd2 exf4
16. gxf4 f6 17. Rf3 Bc4 18. b3 Ba6 19. Bf1 Nd4 20. Rf2 Ne2 21. Nxe2 dxe2 22. Bxe2
Qd4 23. Rg2 Bxe2 24. Rxe2 Bd6 25. Qc1 Ne6 26. Nf3 Qd3 27. Ng1 Rac8 28. Qf1 Rc2 29.
e5 Bc5 30. Rd1 Nxf4 31. exf6 Bxg1+ 32. Kxg1 Nxe2+ 33. Kg2 Nf4+ 34. Kh1 Qxf1+  0-1

[Event "36th Reykjavik op"]
[Site "Reykjavik ISL"]
[Date "2023.03.29"]
[Round "1.139"]
[White "Notkin, Akiva"]
[Black "Eythorsson, Engilbert Vidar"]
[WhiteElo "1846"]
[BlackElo "1442"]
[Result "0-1"]
[EventDate "2023.03.29"]
[PlyCount "52"]

1. c4 e5 2. g3 Bc5 3. Bg2 c6 4. Nc3 Nf6 5. e3 d5 6. d4 exd4 7. exd4 Bb4 8. Qb3 Bxc3+
9. bxc3 dxc4 10. Qxc4 Be6 11. Qb4 Qb6 12. Qxb6 axb6 13. a3 O-O 14. Ne2 Bc4 15. Be3
Re8 16. h4 Ng4 17. Rf1 Nxe3 18. fxe3 Rxe3 19. Rf2 Nd7 20. Kd2 Rae8 21. Bf3 Rxf3 22.
Rxf3 Rxe2+ 23. Kd1 Nf6 24. Rb1 b5 25. a4 Rg2 26. axb5 Be2+  0-1

[Event "36th Reykjavik op"]
[Site "Reykjavik ISL"]
[Date "2023.03.29"]
[Round "1.140"]
[White "Hafthorsson, Jon Ulfur"]
[Black "Thorsteinsson, Thorsteinn"]
[WhiteElo "1434"]
[BlackElo "1844"]
[Result "0-1"]
[EventDate "2023.03.29"]
[PlyCount "36"]

1. d4 Nf6 2. Nc3 d5 3. Bf4 a6 4. e3 e6 5. Nf3 c5 6. Be2 Nc6 7. O-O Be7 8. Na4 Ne4
9. Bd3 Qa5 10. Nxc5 Nxc5 11. dxc5 Qxc5 12. c3 f6 13. Qc2 e5 14. Bg6+ hxg6 15. Qxg6+
Kf8 16. Bg3 Qc4 17. h3 Qe4 18. Nh4 Rxh4  0-1

[Event "36th Reykjavik op"]
[Site "Reykjavik ISL"]
[Date "2023.03.29"]
[Round "1.142"]
[White "Surace, Christopher"]
[Black "Krumm, Arthur"]
[WhiteElo "1413"]
[BlackElo "1843"]
[Result "1/2-1/2"]
[EventDate "2023.03.29"]
[PlyCount "83"]

1. c4 f5 2. g3 d6 3. Bg2 e5 4. Nc3 Nf6 5. d3 Be7 6. Nf3 O-O 7. O-O c6 8. e4 Qe8 9.
b3 Qh5 10. Nd2 Qxd1 11. Rxd1 Na6 12. Ba3 Rb8 13. Nf1 Nc7 14. d4 exd4 15. Rxd4 c5
16. Rd2 b5 17. cxb5 Nxb5 18. Nxb5 Rxb5 19. exf5 Bxf5 20. Re1 Kf7 21. Ne3 Be6 22.
Rde2 Ra5 23. Bc1 Bd8 24. Rd1 Ra6 25. Red2 Be7 26. Rd3 Rxa2 27. Nc4 Bxc4 28. bxc4
Rc2 29. Bf4 Rxc4 30. Bxd6 Rd8 31. Bxe7 Rxd3 32. Rxd3 Kxe7 33. Ra3 Rc1+ 34. Bf1 Ng4
35. Rxa7+ Kf6 36. h3 Ne5 37. Kg2 Rc2 38. Ra6+ Kf5 39. Ra7 Kg6 40. Ra6+ Kg5 41. Ra7
Kh6 42. Ra6+  1/2-1/2

[Event "36th Reykjavik op"]
[Site "Reykjavik ISL"]
[Date "2023.03.29"]
[Round "1.143"]
[White "Haugen, Lars Tormod"]
[Black "Haberecht, Paul"]
[WhiteElo "1837"]
[BlackElo "1412"]
[Result "0-1"]
[EventDate "2023.03.29"]
[PlyCount "68"]

1. c4 e5 2. Nc3 Bb4 3. e4 Bxc3 4. dxc3 d6 5. Bd3 Ne7 6. Ne2 O-O 7. Ng3 b6 8. O-O
Bb7 9. f4 exf4 10. Bxf4 Ng6 11. Nf5 Nd7 12. Qg4 Nc5 13. Rad1 Nxd3 14. Rxd3 Bxe4 15.
Rh3 Bxf5 16. Qxf5 h6 17. Bc1 Qe7 18. Re3 Qg5 19. Qd7 Qc5 20. Kh1 Qxc4 21. Rfe1 Ne5
22. Qf5 Qe6 23. Qb1 Qg6 24. Qa1 Rae8 25. Bd2 Re6 26. Rg3 Qc2 27. Bf4 Rfe8 28. Rc1
Nd3 29. Rxd3 Qxd3 30. a4 Re2 31. Bg3 Qe4 32. Rg1 Qc2 33. b4 Qb2 34. Qd1 Qb3 (34...
Qxc3 35. Qd5 Qxb4 36. Rf1 R2e6 37. Qb7 Qc4 38. Rg1 a5 39. h3 R6e7 40. Kh2 Qxa4 41.
Rf1 Qe4 42. Qa6 Qe2 43. Qxe2 Rxe2 44. Rc1 R8e7 ( 44... R2e7 45. Bf4 a4 46. g4 a3
47. Ra1 Re2+ 48. Kg3 a2) 45. Bf4 a4)  0-1

[Event "36th Reykjavik op"]
[Site "Reykjavik ISL"]
[Date "2023.03.29"]
[Round "1.144"]
[White "Endeberg, Ivar"]
[Black "Kjartansson, Dagur"]
[WhiteElo "1302"]
[BlackElo "1835"]
[Result "0-1"]
[EventDate "2023.03.29"]
[PlyCount "90"]

1. e4 c5 2. d4 cxd4 3. c3 dxc3 4. Nxc3 Nc6 5. Nf3 g6 6. Bc4 d6 7. e5 e6 8. Bf4 d5
9. Bb3 Bg7 10. O-O a6 11. Qe2 Nge7 12. Rac1 O-O 13. a3 b5 14. Rc2 Bb7 15. Rfc1 Nf5
16. Rd2 Qb6 17. Bc2 Nfe7 18. Bd3 Rac8 19. Rdc2 Rfd8 20. Bg5 Rd7 21. Na2 Nd4 22. Nxd4
Qxd4 23. Rxc8+ Nxc8 24. Be3 Qxe5 25. a4 d4 26. Bd2 Qxe2 27. Bxe2 Nd6 28. axb5 axb5
29. Nb4 Ne4 30. Be1 Nd6 31. Bd2 Bf8 32. Nd3 Nc4 33. Rc2 e5 34. f3 f5 35. Nxe5 Nxe5
36. Bxb5 Rd5 37. Bf1 Rc5 38. Rxc5 Bxc5 39. b4 Bb6 40. h3 Bxf3 41. Bf4 d3+ 42. Kh2
Be2 43. Bxe5 Bxf1 44. Bf4 Bc7 45. Bxc7 d2  0-1

[Event "36th Reykjavik op"]
[Site "Reykjavik ISL"]
[Date "2023.03.29"]
[Round "1.145"]
[White "Patel, Zain"]
[Black "Gudmundsson, Solvi"]
[WhiteElo "1833"]
[BlackElo "1283"]
[Result "1-0"]
[EventDate "2023.03.29"]
[PlyCount "43"]

1. d4 c6 2. c4 Nf6 3. Nc3 d5 4. cxd5 Nxd5 5. e4 Nxc3 6. bxc3 e6 7. Nf3 Be7 8. Bd3
Nd7 9. O-O O-O 10. Qe2 b6 11. Rd1 Bb7 12. e5 c5 13. Bb5 cxd4 14. Rxd4 Bc8 15. Bxd7
Bxd7 16. Qd3 Ba4 17. Rxd8 Rfxd8 18. Nd4 Rac8 19. Be3 Rc5 20. Qa6 Ra5 21. Qc4 Bd7
22. Nc6  1-0

[Event "36th Reykjavik op"]
[Site "Reykjavik ISL"]
[Date "2023.03.29"]
[Round "1.146"]
[White "Karlsson, Sighvatur"]
[Black "Oberschilp, Friedrich"]
[WhiteElo "1270"]
[BlackElo "1827"]
[Result "0-1"]
[EventDate "2023.03.29"]
[PlyCount "76"]

1. e4 c5 2. Nf3 d6 3. d4 cxd4 4. Nxd4 Nf6 5. Nc3 a6 6. Be2 e5 7. Nf3 h6 8. O-O Be6
9. a3 Nbd7 10. Be3 Rc8 11. Qd2 Be7 12. h3 Qc7 13. Rac1 Nc5 14. Bd3 Qc6 15. Bxc5 Qxc5
16. Rfe1 b5 17. Qe3 Qxe3 18. Rxe3 Bc4 19. Ree1 O-O 20. Nd2 Be6 21. Nf3 Rc6 22. Ne2
Rfc8 23. c3 Nd7 24. Nd2 Bg5 25. Rc2 Nc5 26. Nc1 g6 27. Be2 Bxd2 28. Rxd2 Nxe4 29.
Bf3 Nxd2 30. Bxc6 Rxc6 31. Re2 Nc4 32. Nd3 a5 33. f4 Bf5 34. Nf2 exf4 35. b3 Nxa3
36. Re8+ Kg7 37. Ra8 Rxc3 38. Rxa5 Rxb3  0-1

[Event "36th Reykjavik op"]
[Site "Reykjavik ISL"]
[Date "2023.03.29"]
[Round "1.147"]
[White "Saemundsson, Bjarni"]
[Black "Samuel, Victor"]
[WhiteElo "1826"]
[BlackElo "1269"]
[Result "1-0"]
[EventDate "2023.03.29"]
[PlyCount "55"]

1. d4 g6 2. c4 Bg7 3. e4 d6 4. Nc3 Nd7 5. Nf3 b6 6. Be2 Bb7 7. O-O e6 8. Be3 Ne7
9. Qc2 h6 10. Rad1 a6 11. Nd2 O-O 12. a3 f5 13. f3 f4 14. Bf2 Qe8 15. b4 e5 16. d5
g5 17. c5 dxc5 18. bxc5 Nxc5 19. Bxc5 bxc5 20. Qb3 Bxd5 21. Nxd5 Nxd5 22. Qxd5+ Rf7
23. Bc4 Qf8 24. Qxf7+ Qxf7 25. Bxf7+ Kxf7 26. Nc4 Ke6 27. Rd5 Rb8 28. Rfd1  1-0

[Event "36th Reykjavik op"]
[Site "Reykjavik ISL"]
[Date "2023.03.29"]
[Round "1.148"]
[White "Vidarsson, Kari Steinn"]
[Black "Jonsson, Olafur Gisli"]
[WhiteElo "1267"]
[BlackElo "1817"]
[Result "1-0"]
[EventDate "2023.03.29"]
[PlyCount "41"]

1. d4 d5 2. c4 e6 3. Nf3 Nf6 4. Nc3 dxc4 5. e4 a6 6. Bxc4 b5 7. Bd3 Bb7 8. e5 Nd5
9. O-O Nd7 10. Re1 c5 11. Nxd5 Bxd5 12. Be3 Rc8 13. a4 c4 14. Bc2 Bb4 15. Bd2 Bxd2
16. Qxd2 Bxf3 17. gxf3 O-O 18. Kh1 Nb6 19. Rg1 Kh8 20. Rxg7 f5 21. Qh6  1-0

[Event "36th Reykjavik op"]
[Site "Reykjavik ISL"]
[Date "2023.03.29"]
[Round "1.149"]
[White "Acevedo Mendez, Lisseth"]
[Black "Brynjarsson, Oervar Holm"]
[WhiteElo "1816"]
[BlackElo "1262"]
[Result "1-0"]
[EventDate "2023.03.29"]
[PlyCount "77"]

1. d4 Nf6 2. Bf4 d5 3. Nf3 e6 4. e3 c5 5. c3 Bd6 6. Bg3 Qc7 7. Nbd2 Nbd7 8. Bd3 O-O
9. Qe2 e5 10. dxe5 Nxe5 11. Nxe5 Bxe5 12. Bh4 Re8 13. Nf3 Bg4 14. Qc2 h6 15. h3 Bd7
16. O-O c4 17. Bf5 Bxf5 18. Qxf5 Ne4 19. Nxe5 Rxe5 20. Qg4 h5 21. Qd1 Qb6 22. Qe2
Rae8 23. Rad1 g5 24. f4 Rf5 25. fxg5 Rxf1+ 26. Rxf1 Qg6 27. Rf3 Kh7 28. Bf2 Nxg5
29. Rg3 Qh6 30. Qd1 Re5 31. Qd4 Qe6 32. Qxa7 b6 33. Qb8 Rf5 34. h4 Rxf2 35. Rxg5
Qf6 36. Rxh5+ Kg6 37. Rg5+ Kh7 38. Qg8+ Kh6 39. Qf8+  1-0

[Event "36th Reykjavik op"]
[Site "Reykjavik ISL"]
[Date "2023.03.29"]
[Round "1.150"]
[White "Hedman, Viktor Mattias Laroy"]
[Black "Halldorsson, Kristjan"]
[WhiteElo "1257"]
[BlackElo "1809"]
[Result "0-1"]
[EventDate "2023.03.29"]
[PlyCount "74"]

1. e4 c5 2. Nf3 e6 3. g3 d6 4. Bg2 Nc6 5. O-O Nf6 6. Nc3 a6 7. d4 cxd4 8. Nxd4 Qc7
9. a4 Be7 10. f4 O-O 11. Be3 Na5 12. Qd3 Bd7 13. b3 Rac8 14. Nce2 Rfd8 15. c4 b6
16. Bd2 Nc6 17. Nxc6 Bxc6 18. Nc3 Qb7 19. Qe2 Qc7 20. Rad1 Bb7 21. Rfe1 Nd7 22. Be3
Nc5 23. Bxc5 Qxc5+ 24. Qe3 d5 25. Qxc5 Bxc5+ 26. Kf1 Bb4 27. exd5 Bxc3 28. Re3 Bb4
29. Red3 exd5 30. cxd5 Bd6 31. Bf3 a5 32. Bg4 Rc2 33. Re3 g6 34. Bf3 Bc5 35. Re4
Rf2+ 36. Ke1 Rxf3 37. Ke2 Rxb3  0-1

[Event "36th Reykjavik op"]
[Site "Reykjavik ISL"]
[Date "2023.03.29"]
[Round "1.151"]
[White "Sigurthorsson, Kristinn J"]
[Black "Hagen, Andreas Skytte"]
[WhiteElo "1808"]
[BlackElo "1244"]
[Result "1-0"]
[EventDate "2023.03.29"]
[PlyCount "51"]

1. e4 Nf6 2. e5 Nd5 3. d4 d6 4. Nf3 Bg4 5. Bc4 Nb6 6. Bxf7+ Kd7 7. O-O e6 8. exd6
Bxd6 9. Ne5+ Bxe5 10. Qxg4 Qf6 11. Bxe6+ Qxe6 12. Qxe6+ Kxe6 13. Re1 N8d7 14. dxe5
Nxe5 15. f4 Nbd7 16. fxe5 Rhf8 17. Nd2 Rf5 18. Nf3 c5 19. Bd2 h6 20. Bc3 Re8 21.
Rad1 g5 22. Rd6+ Ke7 23. Red1 Rd8 24. e6 Rf4 25. exd7 Rd4 26. R6xd4  1-0

[Event "36th Reykjavik op"]
[Site "Reykjavik ISL"]
[Date "2023.03.29"]
[Round "1.152"]
[White "Lokeswara, Rao"]
[Black "Sigurdsson, Smari"]
[WhiteElo "1218"]
[BlackElo "1807"]
[Result "0-1"]
[EventDate "2023.03.29"]
[PlyCount "52"]

1. e4 e5 2. Nf3 Nc6 3. d4 exd4 4. Nxd4 Nf6 5. Nc3 Bb4 6. Nxc6 bxc6 7. Bd3 h6 8. O-O
d6 9. h3 O-O 10. Be3 Re8 11. Qf3 Bxc3 12. bxc3 Qe7 13. Rab1 Nxe4 14. Rfe1 d5 15.
c4 Qf6 16. Bf4 Be6 17. cxd5 cxd5 18. Bxe4 dxe4 19. Rxe4 Bxa2 20. Rxe8+ Rxe8 21. Rb7
c6 22. Rxa7 Bd5 23. Qg3 Re6 24. c3 Qf5 25. Be3 Qb1+ 26. Kh2 Rg6  0-1

[Event "36th Reykjavik op"]
[Site "Reykjavik ISL"]
[Date "2023.03.29"]
[Round "1.153"]
[White "Fresow, Boris"]
[Black "Rusten, Daniel Garatun"]
[WhiteElo "1804"]
[BlackElo "1169"]
[Result "1-0"]
[EventDate "2023.03.29"]
[PlyCount "85"]

1. c4 e5 2. g3 d5 3. Bg2 Nf6 4. cxd5 Nxd5 5. Qb3 Be6 6. Qxb7 Nb6 7. Qe4 N8d7 8. Nc3
Be7 9. Qc2 Rb8 10. Nf3 O-O 11. O-O Re8 12. d4 Bf6 13. Rd1 Qe7 14. d5 Bg4 15. Ne4
Rec8 16. h3 Bf5 17. Nxf6+ Qxf6 18. e4 Bg6 19. b3 h6 20. Bb2 Qd6 21. Qe2 c6 22. dxc6
Qxc6 23. Nxe5 Nxe5 24. Bxe5 Re8 25. Bxb8 Rxb8 26. Rac1 Qe6 27. f4 Qe7 28. Rd4 f6
29. Kh2 Kh7 30. Qd2 Rb7 31. Rd1 Rc7 32. a4 Be8 33. a5 Nd7 34. b4 Nb8 35. Rc1 Rb7
36. Rdc4 Bb5 37. Rc5 Rd7 38. Qc3 Rd3 39. Qc2 Qd7 40. Rxb5 Qxb5 41. Bf1 Qxb4 42. Bxd3
Qxa5 43. e5+  1-0

[Event "36th Reykjavik op"]
[Site "Reykjavik ISL"]
[Date "2023.03.29"]
[Round "1.154"]
[White "Jonsson, Tristan Fannar"]
[Black "Hill, Andy"]
[WhiteElo "1164"]
[BlackElo "1802"]
[Result "0-1"]
[EventDate "2023.03.29"]
[PlyCount "42"]

1. e4 e6 2. d4 d5 3. e5 c5 4. c3 Nc6 5. Nf3 Bd7 6. Bd3 cxd4 7. cxd4 Qb6 8. O-O Nxd4
9. Nxd4 Qxd4 10. Nc3 a6 11. Be3 Qxe5 12. Re1 Nf6 13. Qc2 d4 14. f4 Qd6 15. f5 dxe3
16. Rxe3 Qb6 17. Qf2 Bc5 18. Na4 Bxa4 19. Qf3 Bxe3+ 20. Kh1 Bc6 21. fxe6 Bxf3  0-1

[Event "36th Reykjavik op"]
[Site "Reykjavik ISL"]
[Date "2023.03.29"]
[Round "1.155"]
[White "Grose, Kameron"]
[Black "Rempe, Lennik"]
[WhiteElo "1800"]
[BlackElo "1154"]
[Result "1-0"]
[EventDate "2023.03.29"]
[PlyCount "61"]

1. e4 e5 2. Nf3 Nc6 3. Bc4 Nf6 4. d3 Be7 5. O-O O-O 6. Re1 d6 7. a4 Bg4 8. c3 Na5
9. Ba2 c5 10. Na3 d5 11. exd5 Qxd5 12. Bxd5 Nxd5 13. Rxe5 Rad8 14. h3 Bxf3 15. Qxf3
Nb3 16. Rb1 Bd6 17. Rxd5 Rfe8 18. Be3 c4 19. Nxc4 Bc5 20. Rxd8 Rxd8 21. Bxc5 Nxc5
22. Re1 h6 23. Ne5 f6 24. Ng6 Rxd3 25. Re8+ Kf7 26. Re7+ Kg8 27. Qg4 f5 28. Re8+
Kf7 29. Qxf5+ Kxe8 30. Qxc5 a5 31. Qe7#  1-0

[Event "36th Reykjavik op"]
[Site "Reykjavik ISL"]
[Date "2023.03.29"]
[Round "1.156"]
[White "Olafsson, Olafur"]
[Black "De Kleijn, Erwin"]
[WhiteElo "1130"]
[BlackElo "1798"]
[Result "0-1"]
[EventDate "2023.03.29"]
[PlyCount "72"]

1. d4 Nf6 2. c4 g6 3. Nc3 Bg7 4. Nf3 d6 5. Bg5 h6 6. Bh4 g5 7. Bg3 Nh5 8. e3 Nxg3
9. hxg3 Bd7 10. Be2 Nc6 11. a3 O-O 12. Qc2 f5 13. Rd1 Qe8 14. b4 e5 15. dxe5 Nxe5
16. O-O Ng4 17. Qd2 Rd8 18. Nh2 Nf6 19. Nf3 a6 20. Rfe1 Qf7 21. Nd5 Ne4 22. Qc2 c6
23. Nb6 Be6 24. Nd4 Kh8 25. Nxe6 Qxe6 26. Bf3 d5 27. Bxe4 dxe4 28. Rd2 f4 29. gxf4
gxf4 30. exf4 Bd4 31. Rxe4 Qg6 32. Nd5 Rg8 33. g3 Qxg3+ 34. Kf1 Qg1+ 35. Ke2 Qxf2+
36. Kd3 Rg3+  0-1

[Event "36th Reykjavik op"]
[Site "Reykjavik ISL"]
[Date "2023.03.29"]
[Round "1.157"]
[White "Eiriksson, Sigurdur"]
[Black "B. Berglindardottir, Emilia Embla"]
[WhiteElo "1798"]
[BlackElo "1112"]
[Result "1-0"]
[EventDate "2023.03.29"]
[PlyCount "61"]

1. d4 d6 2. c4 Nf6 3. Nc3 g6 4. Nf3 Bg7 5. g3 O-O 6. Bg2 Bf5 7. O-O Nfd7 8. Nh4 c6
9. e4 Be6 10. d5 cxd5 11. cxd5 g5 12. dxe6 gxh4 13. exd7 hxg3 14. hxg3 Qxd7 15. Be3
Nc6 16. Rc1 Rac8 17. Qh5 Qe8 18. Bh3 e6 19. Rfd1 Rd8 20. Bf4 e5 21. Bf5 h6 22. Bxh6
f6 23. Qg4 Qe7 24. Nd5 Rfe8 25. Nxe7+ Rxe7 26. Qg6 Kf8 27. Qxf6+ Rf7 28. Bxg7+ Kg8
29. Be6 Kh7 30. Qh6+ Kg8 31. Qh8#  1-0